00455 2200169 4500001002100000005001500021035002000036245005100056100002100107300002600128260003400154082000800188084001400196020002200210008004100232990001200273INLIS00000000000298920250918072738 a0010-09250003361 aKoma ( Cinta Tanpa Titik ) /cMercy Sitanggang0 aMercy Sitanggang a256 hlm ;c13 x 19 cm aJakarta :bStory House,c2013 a813 a813 MER k a978-602-9895-15-5250918 0  a0755644